000 00378nam a2200157Ia 4500
008 200103s9999||||xx |||||||||||||| ||und||
020 _a9780070151314
040 _aIMU-MPC
082 _aColumn-28
100 _aNag, P. K.
245 0 _aBasic and Applied Thermodynamics
250 _a2nd Ed.
260 _bMcGraw-Hill Book Company, Inc.
_c2010
300 _a846
942 _cBK
999 _c7215
_d7215